000 00437nam a2200181Ia 4500
001 25293
005 20260414151140.0
008 260414t2007||||xx |||||||||||||| ||spa||
041 _aESP
082 _a346.431L
_bO81
100 _aOsorio Ruiz, Zaida
_eAUT
245 0 _aLegislación registral y notarial
_b
260 _c2007
300 _a1063 pƔginas :
_c24 cm.
650 _aDER
654 _aCDE
942 _cLIB
_dJUS
_fJUS
_2ddc
_n
999 _c25293
_d25293